Salvy duní

Bibliographic Details
Main Author: Karlický, Vladimír (Author)
Format: Book
Language:Undetermined
PhysicalDescription:116 s.
Published: Praha Naše vojsko 1979

MARC

LEADER 00000nam a2200000 a 4500
001 vtls001423244
003 SK-MaSNL
005 20260301202523.0
008 240318s1979 xx 0 und
035 |a SNK000378117 
040 |a SNK  |b slo  |c SNK  |e AACR2 
100 1 |a Karlický, Vladimír  |4 aut  |9 584659 
245 1 0 |a Salvy duní 
260 |a Praha  |b Naše vojsko  |c 1979 
300 |a 116 s. 
958 |a OND 
999 |c 899138  |d 901068 
952 |t P60, <04>, [BOOK], {604}  |a SNK  |b SNK  |y VYP  |7 0  |p 17A0319950  |o snkID 72162 D1  |0 0  |1 1  |4 0  |d 2001-10-30  |l 0  |r 2005-01-02 00:00:00  |w 2026-02-24 
952 |t P60, <04>, [BOOK], {604}  |a SNK  |b SNK  |y VYP  |7 0  |p 17A0409204  |o snkID 72162  |i snkKIP 6905/79  |0 0  |1 0  |4 0  |d 2004-01-15  |l 0  |r 2005-01-02 00:00:00  |w 2026-02-24